[Event "Grenoble-Reims Echec et Mat"]
[Site "Besancon"]
[Date "2008.03.16"]
[Round "9.7"]
[White "Hourlier, Claire"]
[Black "Barnier, Christophe"]
[Result "0-1"]
[WhiteElo "1920"]
[BlackElo "1906"]
[PlyCount "86"]
[EventDate "2008.03.16"]
[SourceDate "2007.10.27"]

1. e4 c5 2. Nc3 d6 3. f4 a6 4. a4 Nc6 5. Nf3 Nf6 6. Bc4 e6 7. d3 Qc7 8. O-O Be7
9. Qe1 O-O 10. Bd2 Nb4 11. e5 Nxc2 12. Qd1 Nxa1 13. exf6 Bxf6 14. Qxa1 d5 15.
Ba2 b6 16. Qe1 Bb7 17. Qg3 g6 18. Qh3 Bg7 19. f5 exf5 20. Bh6 Rad8 21. Ng5 Bd4+
22. Kh1 Rfe8 23. Nxh7 Qe5 24. Bd2 Qh8 25. Ng5 Qxh3 26. Nxh3 Kg7 27. Nf4 Bxc3
28. bxc3 c4 29. Rb1 Rd6 30. Kg1 g5 31. Nh3 Re2 32. Rd1 f6 33. Kf1 cxd3 34. Bb1
d4 35. Bxd3 Rxg2 36. cxd4 Rxh2 37. Nf2 Rxd4 38. Be3 Rd6 39. Kg1 Rg2+ 40. Kf1
Rg3 41. Bc1 Bg2+ 42. Ke1 Bf3 43. a5 Rg1+ 0-1

[Event "Grenoble-Reims Echec et Mat"]
[Site "Besancon"]
[Date "2008.03.16"]
[Round "9.8"]
[White "Desanlis, Anne Sophie"]
[Black "Schmittheisler, Guillaume"]
[Result "1-0"]
[WhiteElo "1904"]
[BlackElo "1827"]
[PlyCount "87"]
[EventDate "2008.03.16"]
[SourceDate "2007.10.27"]

1. c4 e6 2. Nf3 d5 3. b3 c5 4. g3 Nc6 5. Bg2 Be7 6. cxd5 exd5 7. d4 cxd4 8. O-O
Nf6 9. Nxd4 O-O 10. Bb2 Bc5 11. Nxc6 bxc6 12. Qc2 Qe7 13. Nd2 Ba6 14. Rac1 Bb4
15. a3 Ba5 16. b4 Bb6 17. Qxc6 Qxe2 18. Bxf6 Qxd2 19. Bc3 Bxf2+ 20. Kh1 Qe2 21.
Qxd5 Rad8 22. Qg5 f6 23. Qf5 Bb6 24. Be4 g6 25. Qe6+ Kg7 26. Bxf6+ Kh6 27. Qh3+
Qh5 28. Qxh5+ Kxh5 29. Bf3+ Kh6 30. Bxd8 Bxd8 31. Rfd1 Bg5 32. Rc3 Bf6 33. Rc2
Bd8 34. Kg2 Bb5 35. Rcd2 Bg5 36. Rd6 Be3 37. Re1 Bb6 38. h4 Rc8 39. Rd2 Rc3 40.
Re5 a6 41. g4 Rxa3 42. Re7 Bf1+ 43. Kg3 Be3 44. Rdd7 1-0

[Event "Metz Fischer II-Montrevel en Bresse"]
[Site "Besancon"]
[Date "2008.03.16"]
[Round "9.1"]
[White "Gladyszev, Oleg"]
[Black "Ivanov, Jordan"]
[Result "1-0"]
[WhiteElo "2487"]
[BlackElo "2371"]
[PlyCount "89"]
[EventDate "2008.03.16"]
[SourceDate "2007.10.27"]

1. d4 d5 2. c4 dxc4 3. Nf3 Nf6 4. e3 e6 5. Bxc4 c5 6. O-O a6 7. Bd3 Nbd7 8. e4
cxd4 9. e5 Nd5 10. Bg5 Qc7 11. Be4 h6 12. Bh4 Nb4 13. Nbd2 Nxe5 14. Rc1 Nec6
15. a3 Nd5 16. Bxd5 exd5 17. Re1+ Be6 18. Nxd4 Qd6 19. Nxe6 fxe6 20. Qh5+ Kd7
21. Nc4 dxc4 22. Red1 Re8 23. Qf7+ Be7 24. Rxd6+ Kxd6 25. Bg3+ e5 26. f4 Rhf8
27. fxe5+ Kc7 28. Qxc4 Kb8 29. h4 Bd8 30. b4 Bc7 31. Qg4 Re7 32. e6 Rfe8 33.
Bxc7+ Rxc7 34. Qc4 Rce7 35. Re1 Nd8 36. a4 Rxe6 37. Qf4+ Kc8 38. Rc1+ Rc6 39.
Rxc6+ bxc6 40. Qc4 Kb7 41. Qd4 Ne6 42. Qd7+ Nc7 43. Qxg7 h5 44. g4 hxg4 45. h5
1-0

[Event "Metz Fischer II-Montrevel en Bresse"]
[Site "Besancon"]
[Date "2008.03.16"]
[Round "9.2"]
[White "Lamoureux, Charles"]
[Black "Souleidis, Georgios"]
[Result "1/2-1/2"]
[WhiteElo "2354"]
[BlackElo "2413"]
[PlyCount "128"]
[EventDate "2008.03.16"]
[SourceDate "2007.10.27"]

1. e4 c5 2. Nf3 Nf6 3. Nc3 d5 4. exd5 Nxd5 5. Bb5+ Bd7 6. Qe2 Nb4 7. d4 Bxb5 8.
Nxb5 a6 9. Na3 cxd4 10. O-O e6 11. Bg5 Be7 12. Bxe7 Qxe7 13. Nxd4 N8c6 14. Nxc6
Nxc6 15. c3 O-O 16. Rfd1 Rfd8 17. Nc4 b5 18. Ne3 Qc5 19. Rxd8+ Rxd8 20. Rd1
Rxd1+ 21. Qxd1 h6 22. h3 Ne5 23. a4 Nc4 24. axb5 axb5 25. Qd8+ Qf8 26. Qd7 Qb8
27. b3 Ne5 28. Qd4 Qc7 29. Nc2 Ng6 30. Na3 e5 31. Qd3 Nf4 32. Nxb5 Qc6 33. Qf1
Qe4 34. c4 Ne2+ 35. Kh1 Qd3 36. Kh2 e4 37. Nc7 Qd6+ 38. Kh1 Qd3 39. Kh2 Nd4 40.
Qxd3 exd3 41. Nd5 Nxb3 42. Kg3 d2 43. Nc3 Nd4 44. Nd1 g5 45. h4 f5 46. hxg5
hxg5 47. f4 Ne2+ 48. Kf3 Nxf4 49. g4 Ng6 50. gxf5 Ne5+ 51. Ke2 Nxc4 52. Nf2 Kf7
53. Ng4 Ke7 54. Kd1 Kd6 55. f6 Ke6 56. Ke2 Kf7 57. Kd1 Kg6 58. Ke2 Nd6 59. Kxd2
Ne4+ 60. Ke2 Nxf6 61. Ne5+ Kf5 62. Nf7 g4 63. Nh6+ Kf4 64. Nxg4 Nxg4 1/2-1/2

[Event "Metz Fischer II-Montrevel en Bresse"]
[Site "Besancon"]
[Date "2008.03.16"]
[Round "9.3"]
[White "Hisler, Thomas"]
[Black "Todorov, Ognjan"]
[Result "0-1"]
[WhiteElo "2251"]
[BlackElo "2313"]
[PlyCount "58"]
[EventDate "2008.03.16"]
[SourceDate "2007.10.27"]

1. e4 c5 2. Nc3 e6 3. g3 d5 4. exd5 exd5 5. Bg2 Nf6 6. d3 d4 7. Ne4 Nxe4 8.
dxe4 Nc6 9. Ne2 Be7 10. Nf4 O-O 11. O-O Re8 12. Nd5 Bf8 13. c3 Be6 14. a3 dxc3
15. bxc3 Na5 16. Qa4 Bxd5 17. exd5 Bd6 18. Bf4 b6 19. Bxd6 Qxd6 20. Rfe1 Red8
21. c4 g6 22. f4 Qd7 23. Qc2 Re8 24. Qc3 Rad8 25. Re5 Qa4 26. Bf1 Nb7 27. Rae1
Nd6 28. h4 Nf5 29. h5 Nd4 {suite illisible} 0-1

[Event "Metz Fischer II-Montrevel en Bresse"]
[Site "Besancon"]
[Date "2008.03.16"]
[Round "9.4"]
[White "Cavillon, Fabien"]
[Black "Carrillo, Jesus"]
[Result "1-0"]
[WhiteElo "2110"]
[BlackElo "2164"]
[PlyCount "69"]
[EventDate "2008.03.16"]
[SourceDate "2007.10.27"]

1. e4 c5 2. Nc3 Nc6 3. g3 g6 4. d3 Bg7 5. Be3 d6 6. Bg2 Rb8 7. Qd2 b5 8. f4 Nd4
9. Nd1 e5 10. c3 Nc6 11. Nf3 Nge7 12. fxe5 Nxe5 13. Nxe5 Bxe5 14. Bh6 Nc6 15.
O-O b4 16. Ne3 Be6 17. Nd5 bxc3 18. bxc3 Qa5 19. Rac1 Kd7 20. Bf4 Bg7 21. Bg5
Rhe8 22. Bh3 Ne5 23. Bxe6+ fxe6 24. Bf6 exd5 25. Bxg7 d4 26. Bxe5 Rxe5 27. Rf7+
Kc6 28. Qg2 dxc3 29. Qh3 Rd8 30. Qxh7 c2 31. Rxa7 Qb6 32. Kg2 Rh5 33. Qf7 Rhh8
34. Qd5+ Kb5 35. a4+ 1-0

[Event "Metz Fischer II-Montrevel en Bresse"]
[Site "Besancon"]
[Date "2008.03.16"]
[Round "9.5"]
[White "Staeger, Pascal"]
[Black "Lamoureux, Izabelle"]
[Result "0-1"]
[WhiteElo "2099"]
[BlackElo "2095"]
[PlyCount "88"]
[EventDate "2008.03.16"]
[SourceDate "2007.10.27"]

1. e4 c5 2. Nc3 Nc6 3. g3 g6 4. Bg2 Bg7 5. d3 d6 6. Be3 e6 7. Qd2 Nd4 8. f4 Ne7
9. Nf3 Rb8 10. O-O O-O 11. e5 Nxf3+ 12. Bxf3 b6 13. exd6 Qxd6 14. Ne4 Qc7 15.
c3 Rd8 16. Rfd1 Bb7 17. Bf2 Rd7 18. Rac1 Rbd8 19. d4 Qb8 20. Qc2 Qa8 21. dxc5
Rxd1+ 22. Rxd1 Rxd1+ 23. Qxd1 Bxe4 24. Bxe4 Qxe4 25. cxb6 axb6 26. Qd8+ Bf8 27.
Qxb6 Qb1+ 28. Kg2 Qxa2 29. Qb5 Qa8+ 30. Kg1 h5 31. c4 Bg7 32. c5 Qa1+ 33. Kg2
Qxb2 34. Qd7 Bf6 35. c6 Kg7 36. c7 Qb7+ 37. Kg1 Qb1+ 38. Kg2 Qc2 39. Kg1 Qc1+
40. Kg2 Qc4 41. Qd8 Qc2 42. Kg1 h4 43. gxh4 Nd5 44. c8=Q Qd1+ 0-1

[Event "Metz Fischer II-Montrevel en Bresse"]
[Site "Besancon"]
[Date "2008.03.16"]
[Round "9.6"]
[White "Chebance, Benoit"]
[Black "Joly, Laurent"]
[Result "1/2-1/2"]
[WhiteElo "2001"]
[BlackElo "2038"]
[PlyCount "94"]
[EventDate "2008.03.16"]
[SourceDate "2007.10.27"]

1. e4 c5 2. Nc3 Nc6 3. g3 g6 4. Bg2 Bg7 5. d3 e5 6. Be3 d6 7. Nge2 Nge7 8. Qd2
Nd4 9. O-O h5 10. Nd5 Nxd5 11. exd5 Bg4 12. f3 Nxe2+ 13. Qxe2 Bd7 14. f4 O-O
15. fxe5 Bxe5 16. Qd2 Rc8 17. c3 a6 18. Rae1 Qa5 19. a3 Bb5 20. Bf3 Rce8 21.
Bxh5 gxh5 22. Bh6 Qd8 23. Bxf8 Rxf8 24. Rf5 Bg7 25. Rxh5 Re8 26. Rf1 Bd7 27.
Qf4 Qe7 28. Kh1 f5 29. Rg5 Qe5 30. Qh4 Qxd5+ 31. Kg1 Qe5 32. Qf4 Qe3+ 33. Qxe3
Rxe3 34. Rd1 Kh7 35. Kf2 Re7 36. Rh5+ Kg6 37. Rh4 Bf6 38. Rh3 f4 39. g4 Bxg4
40. Rg1 Kf5 41. Rh6 Re6 42. h3 Be2 43. Rh7 b5 44. h4 Bxd3 45. Rh5+ Bg5 46.
Rhxg5+ Kf6 47. Re1 Be4 1/2-1/2

[Event "Metz Fischer II-Montrevel en Bresse"]
[Site "Besancon"]
[Date "2008.03.16"]
[Round "9.7"]
[White "Hartmann, Dominique"]
[Black "Damboise, Pierre Olivier"]
[Result "0-1"]
[WhiteElo "1966"]
[BlackElo "1926"]
[PlyCount "126"]
[EventDate "2008.03.16"]
[SourceDate "2007.10.27"]

1. d4 d5 2. Nf3 Nf6 3. e3 e6 4. Bd3 Bd6 5. Nbd2 Nbd7 6. b3 O-O 7. Bb2 Re8 8.
Ne5 a5 9. O-O a4 10. c4 c6 11. c5 Bc7 12. f4 Nf8 13. b4 N6d7 14. Qh5 g6 15. Qe2
f6 16. Nxd7 Qxd7 17. Nf3 Qg7 18. Rae1 Bd7 19. a3 Qh6 20. Bc1 Qg7 21. Bb2 Qh6
22. Bc1 Qg7 23. e4 h6 24. exd5 exd5 25. Qc2 Kh7 26. Rxe8 Bxe8 27. Re1 Qd7 28.
Qe2 Bf7 29. Qe7 Kg7 30. Qxd7 Nxd7 31. Re7 Rd8 32. Bc2 Kf8 33. Re1 Ra8 34. Nh4
f5 35. Nf3 Nf6 36. Ne5 Ne4 37. g4 Be6 38. Nxg6+ Kg7 39. Ne5 fxg4 40. Bxe4 dxe4
41. Rxe4 Bd5 42. Re1 Re8 43. Kf2 h5 44. Bd2 Bd8 45. Kg3 Re6 46. h3 gxh3 47.
Kxh3 Kf6 48. Rg1 Kf5 49. Rg7 Re7 50. Rg5+ Ke4 51. Rxh5 Rg7 52. Rh6 Kxd4 53. Rg6
Rxg6 54. Nxg6 Be6+ 55. Kg3 Kd3 56. Be1 Kc2 57. Nh4 Kb2 58. Kf3 Kxa3 59. f5 Bf7
60. Ng6 Bf6 61. Kf4 Kb3 62. Ne5 a3 63. Nd3 Kc2 0-1

[Event "Metz Fischer II-Montrevel en Bresse"]
[Site "Besancon"]
[Date "2008.03.16"]
[Round "9.8"]
[White "Testard, Philippe"]
[Black "Lupfer, Anny"]
[Result "1-0"]
[WhiteElo "1972"]
[BlackElo "1746"]
[PlyCount "134"]
[EventDate "2008.03.16"]
[SourceDate "2007.10.27"]

1. d4 d5 2. Nf3 Nf6 3. c4 c6 4. cxd5 cxd5 5. Nc3 a6 6. Bf4 Nc6 7. e3 Bf5 8. Rc1
e6 9. Be2 Be7 10. O-O Rc8 11. Qb3 Na5 12. Qa4+ Nc6 13. a3 O-O 14. Nh4 Be4 15.
Nxe4 Nxe4 16. Nf3 Qb6 17. b4 Qa7 18. Bd3 b5 19. Qd1 Nd6 20. Bxd6 Bxd6 21. Ne1
Qd7 22. f4 Ne7 23. Ra1 f5 24. Kh1 Ng6 25. Rg1 Be7 26. g4 Bh4 27. Ra2 Rc3 28.
Nf3 Qe7 29. Qb1 Qf6 30. g5 Qe7 31. Rd1 Rfc8 32. Qb2 Qc7 33. Raa1 Qc6 34. Kg2
Rc2+ 35. Bxc2 Qxc2+ 36. Rd2 Qe4 37. Qb3 h6 38. gxh6 gxh6 39. Rf1 Bf6 40. Kh3
Rc7 41. Rg2 Kh7 42. Rff2 Rc1 43. Nd2 Qc2 44. Qxc2 Rxc2 45. Nb1 Rc1 46. Rb2 Nh4
47. Rgf2 Ng6 48. Rfc2 Re1 49. Rb3 Rf1 50. Kg2 Re1 51. Rc7+ Bg7 52. Kf2 Rh1 53.
Kg2 Rd1 54. Rc6 Nf8 55. Rxa6 Rc1 56. a4 Rc2+ 57. Kg3 Ra2 58. axb5 Rxa6 59. bxa6
Nd7 60. b5 Nb6 61. Na3 Bf8 62. Nc2 Kg6 63. Nb4 Bxb4 64. Rxb4 Kf6 65. Rb1 Ke7
66. Rc1 Kd7 67. Rc6 h5 1-0

[Event "Obernai-Vandoeuvre II"]
[Site "Besancon"]
[Date "2008.03.16"]
[Round "9.1"]
[White "Dittmar, Peter"]
[Black "Zaragatski, Ilja"]
[Result "1/2-1/2"]
[WhiteElo "2329"]
[BlackElo "2469"]
[PlyCount "48"]
[EventDate "2008.03.16"]
[SourceDate "2007.10.27"]

1. c4 e5 2. g3 Nf6 3. Bg2 d5 4. cxd5 Nxd5 5. Nf3 Nc6 6. O-O Nb6 7. Nc3 Be7 8.
d3 O-O 9. Be3 Re8 10. Rc1 Bf8 11. Na4 Nd4 12. Bxd4 exd4 13. Nc5 g6 14. Re1 a5
15. a3 a4 16. Qd2 c6 17. Rc2 Nd7 18. Nxd7 Qxd7 19. Rc4 c5 20. Qc2 Ra5 21. Rc1
Bh6 22. Rb1 Bf8 23. Rc1 Bh6 24. Rb1 Bf8 1/2-1/2

[Event "Obernai-Vandoeuvre II"]
[Site "Besancon"]
[Date "2008.03.16"]
[Round "9.2"]
[White "Becker, Martin"]
[Black "Schmider, Bernd"]
[Result "1-0"]
[WhiteElo "2365"]
[BlackElo "2203"]
[PlyCount "85"]
[EventDate "2008.03.16"]
[SourceDate "2007.10.27"]

1. e4 Nf6 2. e5 Nd5 3. d4 d6 4. Nf3 g6 5. Bc4 Nb6 6. Bb3 Bg7 7. Ng5 e6 8. Qf3
Qe7 9. Ne4 dxe5 10. Bg5 Qb4+ 11. c3 Qa5 12. Bf6 Bxf6 13. Qxf6 O-O 14. Qxe5 Qxe5
15. dxe5 Bd7 16. Nbd2 Nc6 17. f4 Ne7 18. Nf6+ Kg7 19. Nxd7 Nxd7 20. Ne4 Nb6 21.
O-O-O Nbd5 22. g3 b5 23. a4 a6 24. Rd3 h5 25. Rf1 Rad8 26. Nc5 c6 27. a5 Nf5
28. Re1 Kh6 29. Bd1 Nc7 30. Rxd8 Rxd8 31. Bf3 Ne7 32. h4 Kg7 33. Rd1 Ncd5 34.
Bxd5 cxd5 35. Nxa6 Nc6 36. b4 Ra8 37. Nc5 Rc8 38. Kb2 d4 39. Kb3 dxc3 40. Kxc3
Ne7 41. Rd7 Kf8 42. Rb7 Nf5 43. a6 1-0

[Event "Obernai-Vandoeuvre II"]
[Site "Besancon"]
[Date "2008.03.16"]
[Round "9.3"]
[White "Riotte, Christian"]
[Black "Schlawin, Marlon"]
[Result "0-1"]
[WhiteElo "2035"]
[BlackElo "2328"]
[PlyCount "52"]
[EventDate "2008.03.16"]
[SourceDate "2007.10.27"]

1. d4 e6 2. c4 Bb4+ 3. Bd2 a5 4. Nf3 d6 5. a3 Bxd2+ 6. Nbxd2 Nc6 7. b3 Nh6 8.
e3 O-O 9. Be2 e5 10. d5 Ne7 11. e4 Ng6 12. g3 Bh3 13. Bf1 Bxf1 14. Kxf1 f5 15.
Kg2 Qe7 16. h4 f4 17. Ng5 Rf6 18. g4 f3+ 19. Ndxf3 Nxg4 20. Kg3 Nh6 21. Ne6 Nf4
22. Nfg5 Nf7 23. f3 Rg6 24. Kf2 Nxg5 25. Nxf4 Nxe4+ 26. fxe4 Rf8 0-1

[Event "Obernai-Vandoeuvre II"]
[Site "Besancon"]
[Date "2008.03.16"]
[Round "9.4"]
[White "Iglesias, Joachim"]
[Black "Stahl, Clement"]
[Result "1-0"]
[WhiteElo "2168"]
[BlackElo "2050"]
[PlyCount "65"]
[EventDate "2008.03.16"]
[SourceDate "2007.10.27"]

1. d4 Nf6 2. c4 e6 3. Nc3 d5 4. Bg5 c6 5. cxd5 exd5 6. e3 Bf5 7. Qf3 Bg6 8.
Bxf6 Qxf6 9. Qxf6 gxf6 10. Nf3 Nd7 11. g3 Bd6 12. Bh3 Bd3 13. Kd2 Bg6 14. Nh4
Nb6 15. b3 O-O 16. f4 Be4 17. Nxe4 dxe4 18. Nf5 Bb4+ 19. Ke2 Rfe8 20. Nh6+ Kg7
21. Ng4 Nc8 22. a3 Bf8 23. Nf2 Nd6 24. Bg2 f5 25. h3 h5 26. g4 hxg4 27. hxg4
fxg4 28. Nxg4 f6 29. Rag1 Kf7 30. Rh7+ Kg6 31. Rd7 Rad8 32. Ne5+ Kf5 33. Bh3#
1-0

[Event "Obernai-Vandoeuvre II"]
[Site "Besancon"]
[Date "2008.03.16"]
[Round "9.5"]
[White "Brunstein, Sandrine"]
[Black "Hoffer, Tristan"]
[Result "1/2-1/2"]
[WhiteElo "2076"]
[BlackElo "2072"]
[PlyCount "212"]
[EventDate "2008.03.16"]
[SourceDate "2007.10.27"]

1. e4 c5 2. Nf3 d6 3. c3 Nf6 4. Be2 e6 5. Qc2 Nc6 6. O-O Be7 7. Re1 O-O 8. Bf1
Rb8 9. d4 d5 10. e5 Nd7 11. a3 Re8 12. b4 b6 13. Bd3 Nf8 14. Be3 cxd4 15. cxd4
Bb7 16. Nc3 Qd7 17. Qe2 Rec8 18. Rec1 Ra8 19. Rc2 a6 20. h4 b5 21. h5 Rc7 22.
Rac1 Rac8 23. Nd1 Qd8 24. Bf4 Nd7 25. Ne3 Nb6 26. Ng4 Nc4 27. Ra1 Qf8 28. h6 g6
29. Qd1 Nb8 30. Bg5 Bxg5 31. Nxg5 Nd7 32. Qc1 Qe7 33. Qf4 Ncb6 34. Rac1 Rxc2
35. Rxc2 Nc4 36. Rc3 Rf8 37. Nf3 Rc8 38. Be2 Kh8 39. Ng5 Kg8 40. Rf3 Rf8 41.
Bd1 Ba8 42. Bc2 Bb7 43. a4 Bc6 44. a5 Bb7 45. Bb3 Ba8 46. Bc2 Bb7 47. Nh3 Kh8
48. Rb3 Ba8 49. Ng5 Kg8 50. Nf3 Kh8 51. Ne1 Rc8 52. Rf3 Kg8 53. Bb3 Nb2 54. Nd3
Nxd3 55. Rxd3 Bb7 56. Rf3 Ba8 57. Qd2 Bb7 58. g3 Qd8 59. Rc3 Rxc3 60. Qxc3 Qc8
61. Qxc8+ Bxc8 62. Bd1 Kf8 63. Kf1 Ke7 64. Ke2 Bb7 65. Ke3 Bc8 66. Kf4 Bb7 67.
Kg5 Bc8 68. Bc2 Bb7 69. f4 Bc8 70. Ne3 Nb8 71. Bd3 Nc6 72. Nc2 Bd7 73. g4 Be8
74. f5 Nb8 75. f6+ Kf8 76. Kf4 Bc6 77. Ke3 Kg8 78. Kd2 Kf8 79. Kc3 Kg8 80. Na1
Kf8 81. Nb3 Nd7 82. Be2 Kg8 83. Bf3 Kf8 84. Nd2 Kg8 85. Be2 Kf8 86. Nf3 Kg8 87.
Ng5 Nf8 88. Bd3 Bd7 89. Bc2 Be8 90. Nh3 Bd7 91. Nf4 Bc6 92. Bd1 Bb7 93. Be2 Bc6
94. Bf1 Bb7 95. Kd2 Bc6 96. Ne2 Nd7 97. Nc1 Nb8 98. Kc3 Nd7 99. Nd3 Bb7 100.
Nc5 Nxc5 101. bxc5 Bc6 102. Kb4 Kf8 103. Bg2 Ke8 104. Bf1 Kf8 105. Bd3 Ke8 106.
g5 Kf8 1/2-1/2

[Event "Obernai-Vandoeuvre II"]
[Site "Besancon"]
[Date "2008.03.16"]
[Round "9.6"]
[White "Vigneron, Jean"]
[Black "Koehler, Jerome"]
[Result "1-0"]
[WhiteElo "1923"]
[BlackElo "2038"]
[PlyCount "95"]
[EventDate "2008.03.16"]
[SourceDate "2007.10.27"]

1. d4 Nf6 2. Bf4 b6 3. e3 Bb7 4. Nd2 e6 5. Ngf3 Be7 6. Bd3 d6 7. h3 Nbd7 8. O-O
O-O 9. c3 h6 10. Bh2 Re8 11. Qc2 c5 12. a4 a6 13. Rfd1 Rc8 14. Ne4 Bxe4 15.
Bxe4 d5 16. Bd3 c4 17. Bf1 Ne4 18. Nd2 Nd6 19. e4 Nf8 20. g4 Nb7 21. Bg2 Bd6
22. e5 Be7 23. f4 f6 24. f5 fxe5 25. Bxe5 Bd6 26. Nf3 Nd7 27. Re1 exf5 28. Qxf5
Bxe5 29. Nxe5 Nf6 30. g5 hxg5 31. Qxg5 Nd6 32. Qg6 Rf8 33. Rf1 Qe8 34. Rae1
Qxg6 35. Nxg6 Rf7 36. Ne7+ Kh7 37. Nxc8 Nxc8 38. Bxd5 Ra7 39. Bxc4 Nd6 40. Bd3+
Kg8 41. Re6 Nde8 42. Rfe1 Nc7 43. Rxb6 Ncd5 44. Bc4 Rc7 45. Rxf6 Rxc4 46. Rxa6
Nf4 47. Re3 Rc7 48. Ra5 1-0

[Event "Obernai-Vandoeuvre II"]
[Site "Besancon"]
[Date "2008.03.16"]
[Round "9.7"]
[White "Grandidier, Raphael"]
[Black "Weigel, Marie"]
[Result "1-0"]
[WhiteElo "2009"]
[BlackElo "1870"]
[PlyCount "81"]
[EventDate "2008.03.16"]
[SourceDate "2007.10.27"]

1. e4 c5 2. Nf3 e6 3. c3 d5 4. e5 Nc6 5. d4 Qb6 6. a3 Nge7 7. b4 c4 8. g3 Nf5
9. Bg2 a5 10. Bb2 Bd7 11. O-O Be7 12. Nbd2 O-O 13. Qc2 Ra6 14. Rfb1 Rfa8 15. b5
Ncxd4 16. Nxd4 Nxd4 17. cxd4 Qxb5 18. a4 Qb6 19. Bc3 Bb4 20. Rb2 Bc6 21. Rab1
Qa7 22. Nf3 Ba3 23. Ra2 Be7 24. h4 h6 25. g4 Rb6 26. g5 Bb4 27. Rab2 h5 28. g6
f6 29. exf6 gxf6 30. Qd2 Kg7 31. Bxb4 axb4 32. Rxb4 Rxb4 33. Qxb4 Kxg6 34. Qd6
Re8 35. Bh3 Qxa4 36. Kh2 Kf7 37. Re1 Bd7 38. Rg1 Qc6 39. Qg3 Rf8 40. Qf4 Be8
41. Ne5+ 1-0

[Event "Obernai-Vandoeuvre II"]
[Site "Besancon"]
[Date "2008.03.16"]
[Round "9.8"]
[White "Dupont, Francois"]
[Black "Krauss, Bernard"]
[Result "1-0"]
[WhiteElo "1835"]
[BlackElo "1937"]
[PlyCount "73"]
[EventDate "2008.03.16"]
[SourceDate "2007.10.27"]

1. d4 Nf6 2. Nf3 d5 3. e3 c5 4. c3 cxd4 5. exd4 g6 6. Bd3 Bg7 7. h3 Nc6 8. Be3
O-O 9. Qd2 Re8 10. O-O Ne4 11. Qc1 Nd6 12. Bh6 Bh8 13. Qg5 Bf5 14. Rd1 f6 15.
Qc1 Bxd3 16. Rxd3 Nf7 17. h4 Nxh6 18. Qxh6 Bg7 19. Qd2 Qc7 20. Na3 a6 21. Nc2
Rac8 22. Ne3 e6 23. Ng4 h5 24. Ngh2 Kh7 25. Kh1 Ne7 26. Rg1 Rh8 27. Qe2 Qd6 28.
Re3 e5 29. dxe5 fxe5 30. Nxe5 Rhf8 31. Nef3 Bf6 32. g4 Rf7 33. gxh5 gxh5 34.
Ng5+ Bxg5 35. Rxg5 Ng8 36. Re6 Qf8 37. Qxh5+ 1-0

[Event "Strasbourg II-Bischwiller II"]
[Site "Bischwiller"]
[Date "2008.03.16"]
[Round "9.1"]
[White "Reinhart, Emmanuel"]
[Black "Saatdjian, Thomas"]
[Result "1/2-1/2"]
[WhiteElo "2285"]
[BlackElo "2320"]
[PlyCount "64"]
[EventDate "2008.03.16"]
[SourceDate "2007.10.27"]

1. e4 c5 2. Nf3 d6 3. d4 cxd4 4. Nxd4 Nf6 5. Nc3 a6 6. Be3 e5 7. Nb3 Be6 8. Qd2
Nbd7 9. f3 Rc8 10. Qf2 b5 11. O-O-O Rxc3 12. bxc3 Qc7 13. g4 Qxc3 14. Qd2 Qc8
15. Kb1 Be7 16. h4 Qb7 17. Qf2 O-O 18. h5 Ne8 19. g5 f5 20. gxf6 Nexf6 21. Qg3
Kh8 22. Bh3 Nxh5 23. Qh2 Bxh3 24. Qxh3 Ndf6 25. Bg5 g6 26. Qe6 Ng7 27. Qh3 Ngh5
28. Qe6 Qc7 29. Rd2 Ng7 30. Qh3 Ngh5 31. Qe6 Ng7 32. Qh3 Ngh5 1/2-1/2

[Event "Strasbourg II-Bischwiller II"]
[Site "Bischwiller"]
[Date "2008.03.16"]
[Round "9.2"]
[White "Eisenbeiser, Amadeus"]
[Black "Werner, Clemens"]
[Result "1/2-1/2"]
[WhiteElo "2319"]
[BlackElo "2291"]
[PlyCount "21"]
[EventDate "2008.03.16"]
[SourceDate "2007.10.27"]

1. e4 c5 2. c4 Nc6 3. Ne2 e6 4. Nbc3 Nf6 5. d4 cxd4 6. Nxd4 Bb4 7. Nxc6 dxc6 8.
Qxd8+ Kxd8 9. e5 Nd7 10. f4 Bxc3+ 11. bxc3 1/2-1/2

[Event "Strasbourg II-Bischwiller II"]
[Site "Bischwiller"]
[Date "2008.03.16"]
[Round "9.4"]
[White "Schulz, Vladimir"]
[Black "Schwicker, Francois"]
[Result "1/2-1/2"]
[WhiteElo "2204"]
[BlackElo "2213"]
[PlyCount "39"]
[EventDate "2008.03.16"]
[SourceDate "2007.10.27"]

1. Nf3 d5 2. g3 c5 3. Bg2 Nc6 4. d4 e6 5. O-O Nf6 6. c4 dxc4 7. Qa4 Bd7 8. Qxc4
b5 9. Qc3 Qb6 10. dxc5 Bxc5 11. Bg5 Nd4 12. Nxd4 Bxd4 13. Qd2 Rd8 14. e3 Be5
15. f4 Bc6 16. Bxc6+ Qxc6 17. Qe2 Bd6 18. Bxf6 gxf6 19. Nd2 Ke7 20. Nb3 1/2-1/2

[Event "Strasbourg II-Bischwiller II"]
[Site "Bischwiller"]
[Date "2008.03.16"]
[Round "9.5"]
[White "Letzelter, Jean Claude"]
[Black "Netzer, Jacques"]
[Result "0-1"]
[WhiteElo "2182"]
[BlackElo "2011"]
[PlyCount "74"]
[EventDate "2008.03.16"]
[SourceDate "2007.10.27"]

1. e4 c5 2. Nf3 e6 3. g3 Nc6 4. d3 g6 5. Bg2 Bg7 6. O-O Nge7 7. c3 O-O 8. Be3
d6 9. Qd2 b6 10. Re1 Ba6 11. Bh6 Rb8 12. d4 cxd4 13. Bxg7 Kxg7 14. Nxd4 Ne5 15.
f4 Nc4 16. Qe2 Qc8 17. Bf1 e5 18. Nf3 exf4 19. Nd4 f3 20. Qd3 f2+ 21. Kxf2 b5
22. Qe2 Ne5 23. a4 f5 24. axb5 fxe4+ 25. Kg1 Bxb5 26. Nxb5 Nf3+ 27. Kh1 Rxb5
28. Qxb5 Nxe1 29. Rxa7 Rf7 30. Nd2 e3 31. Ne4 Qg4 32. Ng5 Qxg5 33. Qc4 Qf6 34.
Bg2 Nxg2 35. Kxg2 Qf3+ 36. Kh3 Qh5+ 37. Qh4 Qxh4+ 0-1

[Event "Strasbourg II-Bischwiller II"]
[Site "Bischwiller"]
[Date "2008.03.16"]
[Round "9.6"]
[White "Saatdjian, Stephane"]
[Black "Ricter, Jean Paul"]
[Result "0-1"]
[WhiteElo "1881"]
[BlackElo "2148"]
[PlyCount "57"]
[EventDate "2008.03.16"]
[SourceDate "2007.10.27"]

1. e4 d6 2. d4 Nf6 3. Nc3 Nbd7 4. f4 e5 5. Nf3 c6 6. Be2 Qc7 7. O-O Be7 8. Kh1
O-O 9. Qe1 exd4 10. Nxd4 Re8 11. Bf3 Nc5 12. Qg3 Bf8 13. Re1 Ne6 14. Be3 Nc5
15. Bg1 Kh8 16. Rad1 Bd7 17. Nb3 Nxb3 18. axb3 Rad8 19. Bd4 Ng8 20. Bh5 Bc8 21.
f5 Nf6 22. Bxf6 gxf6 23. Qh4 Qe7 24. Bg4 Bg7 25. Re3 d5 26. Rh3 h6 27. Rdd3
dxe4 28. Rdg3 Qf8 29. Qh5 {suite illisible} 0-1

[Event "Strasbourg II-Bischwiller II"]
[Site "Bischwiller"]
[Date "2008.03.16"]
[Round "9.7"]
[White "Rocher, Olivier"]
[Black "Genzling, Sylvie"]
[Result "1/2-1/2"]
[WhiteElo "2120"]
[BlackElo "1942"]
[PlyCount "109"]
[EventDate "2008.03.16"]
[SourceDate "2007.10.27"]

1. d4 d5 2. Nf3 Nf6 3. c4 e6 4. g3 c5 5. Bg2 Nc6 6. O-O Be7 7. cxd5 exd5 8. Nc3
h6 9. Be3 c4 10. Ne5 O-O 11. f4 Bb4 12. h3 Bxc3 13. bxc3 Bf5 14. g4 Be4 15. Bf3
Qc8 16. Kh2 Qc7 17. Qe1 Bxf3 18. exf3 Nh7 19. Qg3 Ne7 20. f5 Qa5 21. Bd2 Rfe8
22. Rfe1 f6 23. Nd7 Nc6 24. Nc5 Qa3 25. Ne6 Rac8 26. Re2 Ng5 27. Rae1 Nf7 28.
h4 Qd6 29. f4 b5 30. g5 fxg5 31. hxg5 hxg5 32. Nxg5 Rxe2+ 33. Rxe2 Nxg5 34.
Qxg5 Qf6 35. Rg2 Qxg5 36. fxg5 b4 37. cxb4 Nxd4 38. f6 Nf3+ 39. Kg3 Nxd2 40.
Rxd2 c3 41. Rd1 c2 42. Rc1 gxf6 43. gxf6 Kf7 44. Kf4 Kxf6 45. Ke3 Ke5 46. Kd3
Rc4 47. a3 a6 48. Re1+ Re4 49. Rxe4+ dxe4+ 50. Kxc2 Kd4 51. Kd2 Kc4 52. Ke3 Kb3
53. Kxe4 Kxa3 54. Kd3 Kb3 55. Kd2 1/2-1/2